| 000 | 00969 a2200181 4500 | ||
|---|---|---|---|
| 003 | Nust | ||
| 005 | 20230201115827.0 | ||
| 040 | _cNust | ||
| 082 | _a808.83,LON | ||
| 100 |
_aLaurie-Long, Ernest _9108352 |
||
| 245 |
_aBuoyed cables / _cE.Laurie-Long, |
||
| 260 |
_aWard Lock & Co., Limited _bLondon _c1941 |
||
| 300 |
_a320 p _billus _c18 cm |
||
| 505 | _aAloysious (Page-7), Game (Page-18), A Juvenile in Crime (Page-28), Butcher Boy (Page-44), Conduct Sheet (Page-59) Maisie (Page-86), Virtue Not Rewarded (Page-97), D Turret (Page-112), Correspondence (Page-121), After Three Years (Page-131), A Snap Shot (Page-152), Gunner Mate (Page-170), Tradition (Page-183), Only the Best (Page-197), The Tanker (Page-226), In Convoy (Page-249), Gunnery (Page-263), Service Ways (Page-279), Curacao (Page-285), Evolution (Page-295), Four Months Lather (Page-311). | ||
| 600 |
_aLaurie-Long, Ernest _9108352 |
||
| 650 |
_aBuoyed cables _9108353 |
||
| 942 |
_2ddc _cBK _k808.83,LON |
||
| 999 |
_c186395 _d186395 |
||